00282 a2200121 4500001000700000040003500007100001900042240003500061245003000096300000700126362000900133440001800142152838 cEscola São Tomás de Aquino aBOUCHONY, Anne10aO clima : ventos e nuvenslpor10aO clima : ventos e nuvens a450 a1998 1aMelhoramentos